| 000 | 00679nam a22002057a 4500 | ||
|---|---|---|---|
| 003 | koha_MIRAKIL | ||
| 005 | 20260414110434.0 | ||
| 008 | 260414b tur||||| |||| 00| 0 tur d | ||
| 020 | _a9786052079157 | ||
| 040 |
_aTR-IsEVY _btur _cTR-IsEVY |
||
| 082 | _aFIC GÖK/O | ||
| 100 | _aGökalp, Alp | ||
| 245 | 0 |
_aO ve C düşündü : _bhayat benim bildiğim kadar mı ? / _cAlp Gökalp ; resimleyen Macide Damla Esen. |
|
| 260 |
_aİstanbul : _bRedhouse Kidz Yayınları, _c2018. |
||
| 300 |
_a65 s. : _brenkli resimli ; _c20 cm. |
||
| 490 | 0 | _aAlfabe Bulutu ; 5. kitap. | |
| 650 |
_aÇocuk Edebiyatı. _vHayat. |
||
| 700 | 1 |
_aEseni Macide Damla. _cresimleyen. |
|
| 942 |
_2ddc _cBK |
||
| 999 |
_c23463 _d23463 |
||